[Event "10th EICC"]
[Site "Budva MNE"]
[Date "2009.03.15"]
[Round "9"]
[White "Rabrenovic,M"]
[Black "Rukavina,J"]
[Result "0-1"]
[WhiteElo "2257"]
[BlackElo "2417"]

1.e4 g6 2.d4 Bg7 3.Nc3 c6 4.Be3 d5 5.f3 dxe4 6.fxe4 e5 7.d5 Bh6 8.Bxh6 Qh4+
9.g3 Qxh6 10.Qf3 Nd7 11.h4 Ngf6 12.Bh3 O-O 13.Rd1 Kg7 14.dxc6 bxc6 15.Nge2 Nb6
16.Bxc8 Raxc8 17.g4 Ne8 18.b3 Kg8 19.a4 Rc7 20.a5 Nc8 21.Qh3 Ncd6 22.Rf1 f5
23.exf5 gxf5 24.g5 Qe6 25.h5 Re7 26.Qg2 Rc7 27.h6 Qg6 28.Rd3 f4 29.Qg1 Rcf7
30.Qc5 e4 31.Rd4 f3 32.Ng3 e3 33.Nce4 Nxe4 34.Rxe4 e2 35.Rf2 Nc7 36.Qc4 Nd5
37.b4 Qd6 38.Nh5 Nxb4 39.Nf6+ Kh8 40.Rfxe2 fxe2 41.Qxb4 Qd1+ 42.Kf2 Rxf6+
43.gxf6 Rxf6+  0-1

[Event "10th EICC"]
[Site "Budva MNE"]
[Date "2009.03.16"]
[Round "10"]
[White "Pesotsky,V"]
[Black "Minasian,Art"]
[Result "0-1"]
[WhiteElo "2343"]
[BlackElo "2557"]

1.e4 g6 2.d4 Bg7 3.Nc3 c6 4.h3 d6 5.g3 e5 6.Nge2 h5 7.Bg2 Qb6 8.dxe5 dxe5
9.O-O Nd7 10.b3 Bh6 11.Na4 Qc7 12.c4 Bxc1 13.Rxc1 h4 14.g4 g5 15.Qd2 f6 16.c5 Nf8
17.Rfd1 Be6 18.Qb4 Rh7 19.Rd6 Rd7 20.Rcd1 Rad8 21.Nb2 Rxd6 22.cxd6 Qb6 23.Qc3 Qa6
24.Bf1 Qa3 25.Nc4 Bxc4 26.Qxc4 Nh6 27.b4 a5 28.bxa5 Qxa5 29.Nc1 Nf7 30.d7+ Ke7
31.Nb3 Qb6 32.Nc5 Nd6 33.Qc2 Nxd7 34.Na4 Qa5 35.Qb3 Nxe4 36.Qc2 Ndc5 37.Rxd8 Kxd8
38.Nxc5 Nxc5 39.Qg6 Nd7 40.Bc4 Qc5 41.Be6 Qe7 42.Bf5 Nb6 43.Qg8+ Kc7 44.Be6 Qd8
45.Qg6 Nd5 46.Bxd5 cxd5 47.Kf1 Qd6 48.Qf7+ Kb6 49.Ke2 e4 50.a4 Qc6 51.Kd2 Ka5
52.f3 exf3 53.Ke3 d4+ 54.Kf2 Kb4 55.Qa2 Qc3 56.Qb1+ Kxa4 57.Kf1 Ka3 58.Kg1 b5  0-1

[Event "TCh-BEL 2008-9"]
[Site "Belgium BEL"]
[Date "2009.03.22"]
[Round "11"]
[White "Laurent,B"]
[Black "Cekro,E"]
[Result "1/2-1/2"]
[WhiteElo "2370"]
[BlackElo "2419"]

1.e4 g6 2.d4 Bg7 3.Nc3 c6 4.f4 d5 5.e5 h5 6.Nf3 Nh6 7.Be3 Bg4 8.h3 Bxf3 9.Qxf3 e6
10.Bd3 Nd7  1/2-1/2

[Event "25th Spring Festival"]
[Site "Budapest HUN"]
[Date "2009.03.27"]
[Round "8"]
[White "Ngo Tan,Do"]
[Black "Mester,A"]
[Result "1-0"]
[WhiteElo "1929"]
[BlackElo "2116"]

1.e4 g6 2.Nc3 Bg7 3.d4 c6 4.f4 d5 5.e5 h5 6.Nf3 Nh6 7.Bd3 Qb6 8.Na4 Qa5+
9.c3 Qd8 10.Nc5 b6 11.Nb3 Bg4 12.h3 Bxf3 13.Qxf3 e6 14.Be3 h4 15.Bf2 Nd7
16.Rg1 Nf8 17.g4 hxg3 18.Rxg3 Rc8 19.h4 Nf5 20.Bxf5 exf5 21.Rh3 Ne6 22.O-O-O Rh5
23.Kb1 Bh6 24.Bg3 Bf8 25.Nc1 Be7 26.Rdh1 c5 27.Ne2 cxd4 28.Nxd4 Rc4 29.Rd1 Nxd4
30.cxd4 Qd7 31.Bf2 Qc6 32.Qd3 Kd7 33.b3 Qb5 34.Ka1 Ba3 35.Rb1 Rb4 36.Qxb5+ Rxb5
37.b4 Bxb4 38.a3 a5 39.a4 Be1 40.Bxe1 Rxb1+ 41.Kxb1 Rh8 42.Kb2 f6 43.Rb3 fxe5
44.fxe5 Kc6 45.Rg3 Rh6 46.Bd2 Rxh4 47.Rxg6+ Kc7 48.Bc3 f4 49.Rf6 Rg4 50.Bd2 f3
51.Be3 Rg2+ 52.Kb3 Rg3 53.Bf2 Rh3 54.Kc3 b5 55.axb5 Rh2 56.Rxf3 Kb6 57.e6 Rh8
58.e7 Re8 59.Bh4  1-0

[Event "11th Rector Cup Match of Champions"]
[Site "Kharkov UKR"]
[Date "2009.03.27"]
[Round "2"]
[White "Vysochin,S"]
[Black "Onischuk,V"]
[Result "1-0"]
[WhiteElo "2526"]
[BlackElo "2488"]

1.e4 g6 2.d4 Bg7 3.Nc3 c6 4.f4 d5 5.e5 h5 6.Nf3 Nh6 7.Be3 Bg4 8.h3 Bxf3 9.Qxf3 h4
10.Bd3 e6 11.O-O Nd7 12.Bf2 Bf8 13.Ne2 Nf5 14.b3 Be7 15.c4 Kf8 16.Kh2 a5
17.Ng1 Qb6 18.c5 Qa7 19.Rfc1 b6 20.cxb6 Qxb6 21.Bxf5 gxf5 22.Qc3 Rc8 23.Nf3 Kg7
24.Qe1 Qd8 25.Rc2 Nf8 26.Rac1 Ng6 27.Rxc6 Rxc6 28.Rxc6 Nxf4 29.Be3 Ng6 30.Qc1 f4
31.Bd2 Qa8 32.Rc7 Bd8 33.Rc3 Qa7 34.Bxf4 Nxf4 35.Qxf4 Rh6 36.Rc8 Qe7 37.Qc1 Rg6
38.Qc6 Kh7 39.Qd6 Rg8 40.Qxe7 Bxe7 41.Rxg8 Kxg8 42.g3 hxg3+ 43.Kxg3 Kg7 44.Ne1 Kg6
45.Kg4 Bd8 46.Nd3 Bg5 47.Nf4+ Kh6 48.a4 Be7 49.Nd3 Ba3 50.Kf3 Kg5 51.b4 Bxb4
52.Nxb4 axb4 53.Ke3 f5 54.exf6 b3  1-0

[Event "Open B"]
[Site "Zagreb CRO"]
[Date "2009.03.28"]
[Round "8"]
[White "Plenca,J"]
[Black "Stefan,K"]
[Result "0-1"]
[WhiteElo "2248"]
[BlackElo "2192"]

1.e4 g6 2.d4 Bg7 3.Nc3 c6 4.Bc4 b5 5.Bb3 b4 6.Nce2 d5 7.e5 Na6 8.f4 Nc7 9.Nf3 h5
10.O-O Nh6 11.c3 bxc3 12.Nxc3 O-O 13.Be3 Ng4 14.Bf2 Ba6 15.Re1 Nxf2 16.Kxf2 Ne6
17.g3 Qd7 18.Bc2 Nd8 19.f5 gxf5 20.Nh4 e6 21.Qxh5 Bc8 22.Na4 Rb8 23.Nc5 Qe8
24.b3 f6 25.Qxe8 Rxe8 26.exf6 Bxf6 27.Nf3 Rf8 28.Rac1 Kg7 29.Nd3 a5 30.Nf4 Rh8
31.h4 Rb4 32.a3 Rxd4 33.Nxd4 Bxd4+ 34.Kg2 Kf6 35.b4 axb4 36.axb4 Bc3 37.Re2 Bxb4
38.Ra1 e5 39.Nd3 Bd6 40.Nf2 Rg8 41.Ra8 Bb7 42.Ra4 e4 43.g4 c5 44.g5+ Kg6
45.Kh3 Ne6 46.Nd3 c4  0-1

[Event "Open A"]
[Site "Zagreb CRO"]
[Date "2009.03.29"]
[Round "9"]
[White "Dutina,D"]
[Black "Popchev,M"]
[Result "1/2-1/2"]
[WhiteElo "2287"]
[BlackElo "2444"]

1.e4 g6 2.d4 Bg7 3.Nc3 c6 4.Be3 b5 5.a4 b4 6.Na2 a5 7.c3 bxc3 8.bxc3 Ba6
9.Bxa6 Nxa6 10.Qd3 Nf6 11.Ne2 O-O 12.O-O c5 13.Rab1 d5 14.e5 c4 15.Qc2 Ne8
16.Nf4 Nec7 17.Nc1 Qd7 18.Nce2 Rfb8 19.Ng3 Rxb1 20.Rxb1 Qc8 21.Rb6 Rb8 22.Qb1 Qe8
23.h4 e6 24.Rxb8 Qxb8 25.Qd1 Na8 26.Qg4 N6c7 27.Kh2 Qe8 28.Nfh5 f5 29.exf6 Bh8
30.Nf4 Bxf6 31.h5 g5 32.h6 Bd8 33.Nh3 Qg6 34.Nxg5 Nb6 35.f4 Nxa4 36.f5 Qxh6+
37.Kg1 exf5 38.Nxf5 Qg6 39.Nh4 Qg7 40.Nf5 Qg6 41.Nh4 Qg7 42.Nf5 Qg6 43.Bf4  1/2-1/2

[Event "CEZ Cup"]
[Site "Frydek Mistek CZE"]
[Date "2009.04.10"]
[Round "3"]
[White "Talla,V"]
[Black "Petran,Pe"]
[Result "1-0"]
[WhiteElo "2456"]
[BlackElo "2365"]

1.e4 g6 2.d4 Bg7 3.Nc3 c6 4.f4 d5 5.e5 Nh6 6.Nf3 Bg4 7.Be3 f6 8.Be2 O-O 9.h3 Bxf3
10.Bxf3 Nf5 11.Bf2 fxe5 12.dxe5 e6 13.h4 Ne7 14.g3 Nd7 15.Qe2 b5 16.O-O Nf5
17.Kg2 a5 18.Rh1 h5 19.b3 a4 20.b4 Nb6 21.Qd3 Nc4 22.Bd4 Nxd4 23.Qxd4 Qe7
24.a3 Qa7 25.Ne2 Qf7 26.Rhf1 Qf5 27.Ra2 Rac8 28.Nc1 c5 29.bxc5 Rf7 30.Nd3 Bf8
31.Rb1 Nd2 32.Rxb5 Nxf3 33.Kxf3 g5 34.hxg5 Qxg5 35.Ra1 Qg4+ 36.Kf2 Rg7 37.Qe3 h4
38.Rg1 Be7 39.Rb7 hxg3+ 40.Ke1 g2 41.Kd2 Qg6 42.Qe2 Qe4 43.Qxe4 dxe4 44.Ne1 Bxc5
45.Rxg2 Rxg2+ 46.Nxg2 Bxa3 47.Ne3 Rd8+ 48.Ke2 Ra8 49.Ng4 Bc1 50.Nf6+ Kf8
51.f5 Ba3 52.Nh7+ Kg8 53.f6 Bf8 54.Ng5 a3 55.Rh7 Bh6 56.f7+  1-0

[Event "Knut Bockman Cup"]
[Site "Oslo NOR"]
[Date "2009.04.10"]
[Round "6"]
[White "Kirkebo,C"]
[Black "Theting,H"]
[Result "1-0"]
[WhiteElo "2158"]
[BlackElo "1984"]

1.e4 g6 2.d4 Bg7 3.Nc3 c6 4.Be3 d5 5.f3 h5 6.Qd2 Nh6 7.h3 a5 8.O-O-O h4 9.Nge2 Na6
10.g4 b5 11.Nf4 e6 12.exd5 exd5 13.Bd3 Qd6 14.Rhe1 Kf8 15.Ng2 Ng8 16.Bf4 Qd8
17.Be5 f6 18.Bh2 Ne7 19.Kb1 Kf7 20.Re2 Ra7 21.Rde1 Nb4 22.Nf4 Bh6 23.a3 Na6
24.Qd1 b4 25.Rxe7+ Rxe7 26.Rxe7+ Qxe7 27.Nxg6 Qe8 28.Nxh8+ Qxh8 29.Bxa6 Bxa6
30.axb4 axb4 31.Na4 Qe8 32.Nc5 Be2 33.Qe1 Qe3 34.f4 Qxd4 35.Qxe2 Qxc5 36.g5 Bg7
37.f5 Qe7 38.g6+ Ke8 39.Qxe7+ Kxe7 40.Kc1 c5 41.Kd2 Kd7 42.Bf4 Kc6 43.c3 b3
44.Kd3 Bf8 45.Bg5 c4+ 46.Kd2 Bg7 47.Bxh4 Bh6+ 48.Kd1 Bg7 49.Bf2 Kd6 50.Bd4 Ke7
51.Ke2 Bh6 52.Be3 Bg7 53.h4 Kd6 54.Bd4 Ke7 55.h5 Kf8 56.Be3 Kg8 57.h6 Bf8
58.h7+ Kh8 59.Bd4 Be7 60.Kf3 Kg7 61.Kg4 Kh8 62.Kf4 Kg7 63.Kf3 Kh8 64.Ke3 Kg7
65.Kd2 Kh8 66.Bb6 Bd6 67.Ke3 Kg7 68.Kd4 Be5+ 69.Kxd5 Bxc3 70.Kxc4 Bxb2 71.Kxb3  1-0

[Event "11th European Senior Team"]
[Site "Velden AUT"]
[Date "2009.04.10"]
[Round "6"]
[White "Winiwarter,F"]
[Black "Jamieson,P"]
[Result "1/2-1/2"]
[WhiteElo "2220"]
[BlackElo "2288"]

1.e4 g6 2.d4 c6 3.Nc3 Bg7 4.Nf3 d6 5.h3 Nd7 6.Be3 Ngf6 7.Qd2 O-O 8.Bd3 e5
9.O-O Re8 10.Rae1 b5 11.Bh6 Nb6 12.Ne2 Qe7 13.Bxg7 Kxg7 14.Ng3 a5 15.c3 h6
16.Nh2 Be6 17.f4 Bxa2 18.Nf3 Nc4 19.Bxc4 Bxc4 20.fxe5 dxe5 21.Nh4 Kh7 22.dxe5 Ng8
23.Rf4 Qxe5 24.Qf2 Rad8 25.Ne2 c5  1/2-1/2

[Event "15th Festival Open A"]
[Site "Zupanja CRO"]
[Date "2009.04.10"]
[Round "7"]
[White "Zufic,M"]
[Black "Pancevski,F"]
[Result "1/2-1/2"]
[WhiteElo "2439"]
[BlackElo "2423"]

1.e4 c6 2.d4 g6 3.Nc3 Bg7 4.Nf3 d6 5.Be3 Bg4 6.h3 Bxf3 7.Qxf3 Nd7 8.O-O-O Qa5
9.Kb1 b5 10.Bd3 b4 11.Ne2 e5 12.g4 Ne7 13.Qg3 c5 14.dxc5 dxc5 15.Nc1 Rb8
16.h4 h6 17.Bc4 Qc7 18.f4 Qc6 19.f5 Qxe4 20.Bb3 Qc6 21.fxg6 fxg6 22.Rxd7 Kxd7
23.Rd1+ Kc7 24.Nd3 Rhd8 25.Re1 c4 26.Nxe5 Qd6 27.Bf4 g5 28.hxg5 hxg5 29.Bxg5 Ng6
30.Qf2 Nxe5 31.Qxa7+ Rb7 32.Qa5+ Kc8 33.Bxd8 Qxd8 34.Qa8+ Kc7 35.Qa5+ Kc8
36.Qa8+ Kc7 37.Qa5+ Kc8  1/2-1/2

[Event "XXVII Open"]
[Site "Metz FRA"]
[Date "2009.04.12"]
[Round "2"]
[White "Balogh,C"]
[Black "Wirig,A"]
[Result "1/2-1/2"]
[WhiteElo "2609"]
[BlackElo "2472"]

1.e4 g6 2.d4 Bg7 3.Nc3 c6 4.f4 d5 5.e5 Nh6 6.Nf3 Bg4 7.Be2 f6 8.Be3 Nf5 9.Bf2 O-O
10.h3 Bxf3 11.Bxf3 fxe5 12.dxe5 g5 13.fxg5 e6 14.h4 Nd7 15.Bg4 Nxe5 16.O-O Qd6
17.Ne4 Qb4 18.Bxf5 Rxf5 19.Ng3 Rxf2 20.Rxf2 Ng4 21.Rd2 Qb6+ 22.Kh1 Nf2+ 23.Rxf2 Qxf2
24.Qg4 Re8 25.Rf1 Qd4 26.Qh3 Qe3 27.Rf3 Qe1+ 28.Rf1 Qe3 29.Rf3 Qe1+ 30.Rf1  1/2-1/2

[Event "15th Festival Open A"]
[Site "Zupanja CRO"]
[Date "2009.04.12"]
[Round "9"]
[White "Kovacevic,A"]
[Black "Popchev,M"]
[Result "1/2-1/2"]
[WhiteElo "2561"]
[BlackElo "2451"]

1.e4 g6 2.d4 Bg7 3.Nc3 c6 4.f4 d5 5.e5 h5 6.Be3 Nh6 7.Nf3 b6 8.Bd3 e6 9.Ne2 Bf8
10.b3 Ba6 11.c4 Bb4+ 12.Bd2 Be7 13.Qc2 Nf5 14.O-O c5 15.cxd5 Bxd3 16.Qxd3 Qxd5
17.Nc3 Qd7 18.d5 exd5 19.Nxd5 Nc6 20.Bc3 Ncd4 21.Nxe7 Kxe7 22.e6 Qd5 23.exf7 Nxf3+
24.Rxf3 Qxd3 25.Rxd3 Rhd8 26.Rad1 Rxd3 27.Rxd3 Kxf7 28.Rd7+ Ke6 29.Rc7 Kd5
30.Kf2 a5 31.a4 b5 32.Be5 bxa4 33.bxa4 Ra6 34.Rb7 g5 35.Rd7+ Ke4 36.Rc7 gxf4
37.Rxc5 Ne3 38.Bc7 h4 39.Re5+ Kd4 40.Rxa5 Ng4+ 41.Kf3 Nxh2+ 42.Kxf4 Rg6 43.Rg5 Rf6+
44.Rf5 Rg6 45.Be5+ Kd3 46.Rg5 Ra6 47.Rh5 Rxa4+ 48.Kg5 Rg4+ 49.Kf5 Rxg2 50.Bxh2  1/2-1/2

[Event "XXVII Open"]
[Site "Metz FRA"]
[Date "2009.04.15"]
[Round "7"]
[White "Migot,T"]
[Black "Abbasov,F"]
[Result "0-1"]
[WhiteElo "2072"]
[BlackElo "2577"]

1.e4 g6 2.d4 Bg7 3.Nc3 c6 4.Be3 Qb6 5.Rb1 d6 6.Be2 Nd7 7.Nf3 Ngf6 8.h3 O-O
9.O-O Qc7 10.a4 Re8 11.Qd2 b6 12.Bc4 Bb7 13.Rbd1 Rad8 14.Qe2 d5 15.exd5 cxd5
16.Bb3 e6 17.Rfe1 a6 18.Bg5 Rc8 19.Qe3 Bc6 20.Bh6 Bh8 21.Bf4 Qb7 22.Ne5 Nxe5
23.Bxe5 Bg7 24.Ra1 a5 25.Ne2 Qe7 26.c3 Red8 27.Nc1 Ne8 28.Bxg7 Kxg7 29.Nd3 Nd6
30.Ne5 Bb7 31.Ng4 h5 32.Qh6+ Kg8 33.Ne5 Qf8 34.Qf4 Qg7 35.Bc2 Ne4 36.Nf3 Re8
37.Ng5 Nxg5 38.Qxg5 Bc6 39.Qe5 Qxe5 40.Rxe5 Kg7 41.f4 h4 42.Kf2 Rh8 43.g4 hxg3+
44.Kxg3 Bd7 45.h4 Rb8 46.Bd1 Rh6 47.Re2 Kf6 48.Rh2 Ke7 49.Be2 Rbh8 50.Bd3 Kd6
51.Bc2 Rb8 52.Bd3 Rhh8 53.Be2 Rh6 54.Bd3 b5 55.axb5 Bxb5 56.Bxb5 Rxb5 57.Kg4 Ke7
58.Ra2 Kf6 59.Ra1 Rh8 60.Re1 Rhb8 61.Ree2 a4 62.Rc2 Rb3 63.Rhf2 Rc8 64.Rf3 Rc4
65.Re3 Rxd4 66.Rxe6+ fxe6 67.cxd4 Rd3 68.Rc8 Rxd4 69.Rf8+ Kg7 70.Re8 Kf7
71.Ra8 e5 72.Ra7+ Kf6 73.Ra6+ Ke7 74.Ra7+ Kd6 75.Ra6+ Kc5 76.Kg5 Rxf4 77.Ra5+ Kc6
78.Ra6+ Kb5 79.Re6 Rf2 80.Rxe5 Rg2+ 81.Kf4 Kc4 82.Re6 d4 83.Ra6 Kb3 84.Ke4 Rxb2
85.Kxd4 Rd2+ 86.Ke3 Rg2 87.Kd3 a3 88.Rb6+ Ka4 89.Kc4 Rc2+ 90.Kd3 Rc5 91.Rxg6 a2
92.Rg1 Kb3 93.Ke3 Rh5 94.Rh1 Rxh4 95.Rxh4 a1=Q 96.Rd4 Qg1+ 97.Ke4 Kc3 98.Rd3+ Kc4
99.Re3  0-1

[Event "XXVII Open"]
[Site "Metz FRA"]
[Date "2009.04.15"]
[Round "7"]
[White "Horvath,Ad1"]
[Black "Svetushkin,D"]
[Result "1-0"]
[WhiteElo "2519"]
[BlackElo "2615"]

1.e4 g6 2.d4 Bg7 3.Nc3 c6 4.h3 d5 5.Nf3 dxe4 6.Nxe4 Nd7 7.Bd3 Ngf6 8.Nxf6+ Nxf6
9.O-O Qc7 10.Re1 O-O 11.c3 b6 12.Qe2 e6 13.Ne5 Bb7 14.Bf4 Qe7 15.Bg5 Rac8
16.Ng4 h5 17.Ne5 Rfe8 18.Qf3 c5 19.Be4 Bd5 20.Nxg6 Qb7 21.Bxf6 fxg6 22.Bxg7 Kxg7
23.Qg3 Qf7 24.dxc5 Rxc5 25.Re3 Bxe4 26.Rxe4 Rf5 27.Rd1 e5 28.b3 Re7 29.Qe3 Qf6
30.c4 Rf4 31.Rd5 Rxe4 32.Qxe4 Qf5 33.Qe3 Qf4 34.Rd6 h4 35.Kf1 Qf5 36.Qd3 Qxd3+
37.Rxd3 Kf6 38.Rd6+ Kf5 39.Ke2 Rc7 40.Ke3 Rb7 41.a4 Rc7 42.Rd5 g5 43.Rd8 Rf7
44.Rd6 Rc7 45.g4+ hxg3 46.fxg3 g4 47.hxg4+ Kxg4 48.Ke4 Kxg3 49.Kxe5 Kf3 50.a5 bxa5
51.Ra6 Rh7 52.c5 Ke3 53.Rg6 Rh5+ 54.Kd6 Kd4 55.c6 Rd5+ 56.Ke7 Rc5 57.Rg4+ Kd3
58.Rc4  1-0

[Event "TCh-HUN 2008-9"]
[Site "Budapest HUN"]
[Date "2009.04.18"]
[Round "11"]
[White "Csirik,A"]
[Black "Tatar Kis,S"]
[Result "1/2-1/2"]
[WhiteElo "2324"]
[BlackElo "2387"]

1.e4 g6 2.d4 Bg7 3.Nc3 c6 4.Nf3 d6 5.a4 Nf6 6.Be2 O-O 7.O-O Nbd7 8.h3 e5
9.Re1 exd4 10.Nxd4 Re8 11.Bf3 a5 12.Bg5 Nc5 13.Qd2 Qb6 14.Rad1 Nfd7 15.b3 Ne5
16.Be2 Ncd3 17.Bxd3 Qxd4 18.Ne2 Qb6 19.Be3 Qc7 20.f4 Nxd3 21.Qxd3 d5 22.e5 f6  1/2-1/2

[Event "zt 3.5 Men"]
[Site "Beijing CHN"]
[Date "2009.04.22"]
[Round "6"]
[White "Li Chao2"]
[Black "Xu Jun"]
[Result "0-1"]
[WhiteElo "2643"]
[BlackElo "2498"]

1.e4 g6 2.d4 Bg7 3.Nc3 c6 4.f4 d5 5.e5 h5 6.Nf3 Bg4 7.h3 Bxf3 8.Qxf3 e6 9.g3 Bf8
10.Be3 Bb4 11.Bd2 Nd7 12.O-O-O Ne7 13.g4 c5 14.Nb5 Bxd2+ 15.Rxd2 cxd4 16.Nd6+ Kf8
17.Bb5 a6 18.Nxb7 Qb6 19.Bxd7 Qxb7 20.Ba4 Qb4 21.Bb3 d3 22.Rf1 dxc2 23.Bxc2 Rb8
24.Bd3 Rc8+ 25.Rc2 hxg4 26.Rxc8+ Nxc8 27.hxg4 Rh2 28.Be2 Nb6 29.a3 Qd4 30.Rd1 Qc5+
31.Kb1 Rf2 32.Qd3 Nc4 33.Rc1 Rxf4 34.b3 Nxa3+ 35.Kb2 Qb4 36.Rc8+ Kg7 37.Qxa6 Nc4+
38.Bxc4 dxc4 39.Rxc4 Rf2+ 40.Rc2 Qd4+ 41.Kc1 Rf1+  0-1

[Event "2nd Mayors Cup"]
[Site "Mumbai IND"]
[Date "2009.05.01"]
[Round "1"]
[White "Supriya,J"]
[Black "Rahman,Zia"]
[Result "0-1"]
[WhiteElo "1792"]
[BlackElo "2523"]

1.e4 g6 2.d4 Bg7 3.Nc3 c6 4.a4 d6 5.h3 Nf6 6.Nf3 O-O 7.Be3 Nbd7 8.Be2 Qc7
9.O-O b6 10.Qd2 Bb7 11.Rad1 Rad8 12.Qc1 c5 13.d5 Rfe8 14.Nd2 a6 15.Nc4 Qb8
16.f4 b5 17.axb5 axb5 18.Nxb5 Nxe4 19.Bf3 Ng3 20.Rfe1 Bxd5 21.Bxd5 Qxb5 22.Rd3 Nf6
23.Rb3 Qa6 24.Rb6 Qa2 25.Nxd6 Nxd5 26.Nxe8 Rxe8 27.Bxc5 Nxb6 28.Bxb6 Qa6
29.Qe3 Nf5 30.Qf2 Bxb2  0-1

[Event "2nd Mayors Cup"]
[Site "Mumbai IND"]
[Date "2009.05.09"]
[Round "10"]
[White "Zubarev,Al1"]
[Black "Anilkumar,O"]
[Result "1/2-1/2"]
[WhiteElo "2566"]
[BlackElo "2227"]

1.e4 g6 2.d4 c6 3.Nc3 Bg7 4.Nf3 d5 5.h3 Nh6 6.Bd3 f6 7.O-O Nf7 8.Ne2 e5 9.dxe5 fxe5
10.c3 O-O 11.Bc2 Be6 12.Re1 Nd7 13.Be3 Qe7 14.Ng3 Rad8 15.Qe2 b6 16.Rad1 Nc5
17.b4 Nd7 18.Ba4 Rc8 19.Bb3 Nf6 20.Ng5 Nxg5 21.Bxg5 Qf7 22.b5 Nxe4 23.Nxe4 dxe4
24.Bxe6 Qxe6 25.c4 cxb5 26.cxb5 Rf7 27.a4 h6 28.Be3 Kh7 29.Qd2 Rfc7 30.Qd5 Qf5
31.Rc1 Rd7 32.Qa2 Rxc1 33.Rxc1 Bf6 34.Rc4 Bg5 35.Bxg5 Qxg5 36.Rxe4 Qf5 37.Qe2 Rd5
38.Rc4 Rd7 39.Kh2 h5 40.Qe3 Rf7 41.f3 Rd7 42.Re4 Rd5 43.Qc3 Kh6 44.Qc1+ Qg5
45.Qg1 Qd2 46.Qe3+ Qxe3 47.Rxe3 Kg5 48.Re4 Kf5 49.g4+ hxg4 50.hxg4+ Kf6 51.Kg3 Rd2
52.Rc4 Ra2 53.Rc6+ Kg5 54.Re6 Rxa4 55.Rxe5+ Kf6 56.f4 Ra3+ 57.Kh4 Rc3 58.Rd5 Ke6
59.Re5+ Kf6 60.g5+ Kf7 61.Kg4 Rd3 62.Re1 Rb3 63.Ra1 Rxb5 64.Rxa7+ Kg8 65.Kf3 Rf5
66.Ra6 Rb5 67.Ke4 Kf7 68.Ra7+ Kg8 69.Rb7 Kf8 70.Rd7 Kg8 71.Rd6 Kg7 72.Rf6 Rb1
73.Kd5 Rb5+ 74.Kc6 Rb4 75.Kc7 b5 76.Kc6 Rb1 77.Kc5 Rb2 78.Rb6 Rf2 79.Rf6 Rb2
80.Kd5 Rd2+ 81.Ke4 Rc2 82.Rb6 Rc5 83.Rb7+ Kg8 84.Rd7 Rf5 85.Rd6 Kg7 86.Rc6 Kf7
87.Rc7+ Kg8  1/2-1/2

[Event "TCh-NED 2008-9"]
[Site "Netherlands NED"]
[Date "2009.05.10"]
[Round "9"]
[White "Braun,Christi2"]
[Black "Lanchava,T"]
[Result "0-1"]
[WhiteElo "2334"]
[BlackElo "2358"]

1.e4 g6 2.d4 Bg7 3.Nc3 c6 4.Nf3 d6 5.Be2 Nf6 6.h3 O-O 7.Be3 Qc7 8.Qd2 b5
9.Bd3 a6 10.a4 Bb7 11.axb5 cxb5 12.d5 e6 13.dxe6 fxe6 14.Ng5 Qe7 15.e5 dxe5
16.Nge4 Nbd7 17.O-O b4 18.Nxf6+ Nxf6 19.Na4 Rfd8 20.Bc5 Qd7 21.Qxb4 Nd5 22.Qe1 Bc6
23.Nb6 Nxb6 24.Bxb6 Rdb8 25.Ba5 Rxb2 26.Bc3 Rb6 27.Ra5 Qb7 28.f3 Bb5 29.Bxe5 Bxd3
30.cxd3 Rd8 31.Qe3 Bxe5 32.Rxe5 Rdd6 33.Rc1 Qd7 34.h4 Rb5 35.Rxb5 axb5 36.Qe5 Rc6
37.Ra1 Qb7 38.h5 gxh5 39.Qg5+ Kh8 40.Qd8+ Kg7 41.Ra8 Qb6+ 42.Qxb6 Rxb6 43.Ra3 Kf6
44.Kf2 Ke5 45.Ke3 h4 46.Ra7 b4 47.Kd2 b3 48.Kc1 Kd4 49.Ra4+ Kc3 50.Rc4+ Kxd3
51.Rxh4 Rb7 52.Re4 Rg7 53.g4 Rf7 54.Rxe6 Rxf3 55.Re7 h6 56.Re6 Rh3 57.Re1 Kc3
58.Rg1 b2+ 59.Kb1 Rd3 60.Rf1 Rg3 61.Rh1 Kb3 62.g5 h5 63.Rf1 h4 64.g6 h3 65.g7 h2
66.Rf3+ Kb4 67.Rf4+ Kc3  0-1

[Event "VI Moncada Open"]
[Site "Santiago de Cuba CUB"]
[Date "2009.05.17"]
[Round "2"]
[White "Corrales Jimenez,Z"]
[Black "Llamos Lopez,G"]
[Result "0-1"]
[WhiteElo "2245"]
[BlackElo "2245"]

1.e4 g6 2.d4 Bg7 3.Nc3 c6 4.f4 d5 5.e5 h5 6.Nf3 Nh6 7.Bd3 Bf5 8.Be2 Nd7 9.Be3 Nf8
10.h3 Bc8 11.Bf2 Nf5 12.g3 h4 13.Nxh4 Nxh4 14.gxh4 Bh6 15.Qd2 Ne6 16.Be3 Ng7
17.O-O-O Bf5 18.Bg4 e6 19.Na4 Qxh4 20.Nc5 Qe7 21.Kb1 b6 22.Na6 Qb7 23.Qe2 Be4
24.Rhg1 Nf5 25.Nb4 Nxe3 26.Qxe3 c5 27.Nd3 cxd4 28.Qxd4 Rc8 29.b3 Qc6 30.Qf2 Bf8
31.Rg3 Qc3 32.Ne1 Qc7 33.Bf3 Bf5 34.Bg4 Qc5 35.Qxc5 bxc5 36.Bxf5 gxf5 37.c4 dxc4
38.bxc4 Rh4 39.Ng2 Rh8 40.Kc2 Bh6 41.Rb1 Kd7 42.Rb7+ Rc7 43.Rb5 Ke7 44.Kc3 Rd8
45.a4 Rd1 46.Rb8 Rc1+ 47.Kd2 Rxc4 48.Rgg8 f6 49.Rh8 Bg7 50.Rhg8 Kf7 51.exf6 Kxf6
52.Ke3 Rd7 53.Rb3 Rxa4 54.Kf3 c4  0-1

[Event "VI Moncada Open"]
[Site "Santiago de Cuba CUB"]
[Date "2009.05.19"]
[Round "4"]
[White "Llamos Lopez,G"]
[Black "Douriet,A"]
[Result "1-0"]
[WhiteElo "2245"]
[BlackElo "2302"]

1.e4 g6 2.d4 Bg7 3.Nc3 c6 4.Bc4 d6 5.f4 Nf6 6.e5 dxe5 7.fxe5 Nd5 8.Nf3 O-O
9.O-O a5 10.Kh1 Na6 11.Ne4 b5 12.Be2 Bf5 13.Ng3 Bg4 14.c3 Qb6 15.a4 Nac7
16.axb5 cxb5 17.Ne4 f6 18.exf6 exf6 19.h3 Bf5 20.Nc5 Rae8 21.Bd3 Bc8 22.Qc2 a4
23.b3 axb3 24.Qxb3 Kh8 25.c4 bxc4 26.Bxc4 Qd6 27.Ra7 f5 28.Nd3 Ne3 29.Nde5 Nxf1
30.Bxf1 Be6 31.Bc4 Rb8 32.Qd3 Qb6 33.Ra1 Rfd8 34.Be3 Nd5 35.Bg1 Qb2 36.Ra2 Qb7
37.Ng5 Bg8 38.Qg3 Bf6 39.Ra6 Ra8 40.Bxd5 Qxa6 41.Bxg8 Bxg5 42.Bc4 Qf6 43.Nf7+ Kg7
44.Nxg5 Rd6 45.Be3 Ra3 46.Qf4 Qe7 47.Bf2 Ra1+ 48.Kh2 Rf6 49.d5 Rd1 50.Ne6+ Kf7
51.Bc5 Qd7 52.Qh6 Kg8 53.Qf4 Kf7 54.Qb8 g5 55.Qf8+ Kg6 56.Qg8+  1-0

[Event "VI Moncada Open"]
[Site "Santiago de Cuba CUB"]
[Date "2009.05.22"]
[Round "6"]
[White "Llaudy Pupo,L"]
[Black "Douriet,A"]
[Result "1/2-1/2"]
[WhiteElo "2230"]
[BlackElo "2302"]

1.e4 g6 2.d4 Bg7 3.Nc3 c6 4.Nf3 d5 5.h3 dxe4 6.Nxe4 Bf5 7.Ng3 Be6 8.c4 b5
9.cxb5 a6 10.b6 Qxb6 11.Be2 Nf6 12.O-O O-O 13.b3 a5 14.Ba3 Re8 15.Re1 Qb7
16.Bc4 Bd5 17.Rc1 Na6 18.Ne5 Nb4 19.Qe2 e6 20.Nf1 c5 21.Bxd5 Nfxd5 22.Rxc5 Reb8
23.g3 Bf8 24.Rc4 a4 25.Bxb4 Bxb4 26.Rec1 axb3 27.axb3 Ba3 28.Rb1 Bd6 29.Qf3 Ra3
30.Nd2 Nb6 31.Rc6 Bxe5 32.dxe5 Nd5 33.Rc4 Qa6 34.Rbc1 Kg7 35.h4 h5 36.Rc5 Ra2
37.Nc4 Rf8 38.Ne3 Qd3 39.b4 Nxe3 40.R5c3 Qf5 41.Qxe3 Rd8 42.Rc4 Rd3 43.Qf4 Re2
44.Qxf5 gxf5 45.b5 Rb3 46.Rc5 Rbb2 47.Rf1 Kg6 48.Kg2 Re4 49.Rd1 f4 50.Kf3 Kf5
51.gxf4 Rxf4+ 52.Ke3 Rfxf2 53.Rd7 Kg6 54.Rb7 Rh2 55.Rc1 Rxh4 56.Rf1 Rb3+
57.Kd2 Rh2+ 58.Kc1 Re2 59.Rg1+ Kf5 60.Rxf7+ Ke4 61.Rh7 Rh2 62.Re1+ Kd5 63.Rd7+ Kc5
64.Rd6 h4 65.Rxe6 Rc3+ 66.Kb1 Rb3+ 67.Kc1 Rc3+ 68.Kb1 Rb3+ 69.Kc1 Ra3 70.Kb1 Kxb5
71.Re8 Rb3+ 72.Kc1 Ra3 73.Kb1 Rb3+ 74.Kc1 Rc3+ 75.Kb1 Rb3+ 76.Kc1 Rc3+ 77.Kb1 Rb3+
78.Kc1  1/2-1/2

[Event "18th CRO-Cup"]
[Site "Sibenik CRO"]
[Date "2009.05.22"]
[Round "3"]
[White "Zamostni,J"]
[Black "Tomerlin,S"]
[Result "1-0"]
[WhiteElo "2224"]
[BlackElo "2319"]

1.e4 c6 2.d4 g6 3.Nc3 Bg7 4.Nf3 Nf6 5.Bd3 O-O 6.Bg5 d6 7.Qd2 Bg4 8.O-O-O Nbd7
9.h3 Bxf3 10.gxf3 e5 11.dxe5 dxe5 12.Bc4 Qa5 13.Kb1 Rad8 14.h4 b5 15.Bb3 c5
16.h5 c4 17.h6 Bh8 18.Nd5  1-0

[Event "Doroshkevicha Mem"]
[Site "Belorechensk RUS"]
[Date "2009.05.28"]
[Round "6"]
[White "Smirnov,P"]
[Black "Rakov,V"]
[Result "1-0"]
[WhiteElo "2575"]
[BlackElo "2265"]

1.e4 g6 2.d4 Bg7 3.Nc3 c6 4.f4 d5 5.e5 h5 6.Nf3 Bg4 7.Be3 e6 8.h3 Bxf3 9.Qxf3 h4
10.Bd3 Nd7 11.O-O Ne7 12.Ne2 Nf5 13.Bf2 Bf8 14.b3 a5 15.c4 Nb6 16.c5 Nd7
17.a3 b5 18.Kh2 Qc7 19.Ng1 Be7 20.Qe2 O-O-O 21.Nf3 Rh5 22.Qd2 Rdh8 23.Rfc1 f6
24.Qe2 g5 25.exf6 Qxf4+ 26.Kh1 Bxf6 27.Qxe6 Ne7 28.Bxb5 Qc7 29.Bg1 g4 30.hxg4 R5h6
31.Ba6+ Kd8 32.g5 Qa7 33.gxh6 Qxa6 34.Be3 Qd3 35.Re1 Nf5 36.Rad1 Ng3+ 37.Kh2 Re8
38.Qxe8+  1-0

[Event "Subic Open"]
[Site "Subic PHI"]
[Date "2009.05.28"]
[Round "6"]
[White "Nolte,R"]
[Black "Murshed,N"]
[Result "0-1"]
[WhiteElo "2479"]
[BlackElo "2407"]

1.d4 g6 2.e4 Bg7 3.Nc3 c6 4.Nf3 d6 5.Be2 Nf6 6.O-O O-O 7.Re1 Nbd7 8.Bf1 e5
9.a4 exd4 10.Nxd4 Nc5 11.b4 Ne6 12.Nb3 Ng4 13.Qxg4 Bxc3 14.Bh6 Re8 15.Qg3 Qf6
16.f4 Bxa1 17.Rxa1 g5 18.fxg5 Qe5 19.Rd1 Qxg3 20.hxg3 Rd8 21.Nd2 a5 22.Nc4 axb4
23.Nxd6 Rxa4 24.e5 b6 25.Bc4 Ra7 26.Rf1 b5 27.Bb3 Rad7 28.Kh2 Rxd6 29.exd6 Rxd6
30.Ra1 Rd8 31.Ra8 Bd7 32.Bxe6 Rxa8 33.Bxd7 Ra2 34.Bxc6 Rxc2 35.Bxb5 Rc3 36.Bd7 b3
37.Bf5 Rc5 38.Bd3 b2 39.g4 Rc4 40.Bxc4 b1=Q 41.Bd5 Qe1 42.Kh3 Qe3+ 43.Bf3 Qf2
44.Be4 Qf4 45.Bd5 Qe5 46.Bf3 Qf4 47.Bd5 Kh8 48.g3 Qc1 49.Bg2 Qd2 50.Bf1 Qc1
51.Bg2 Qd2 52.Bf1 Kg8 53.Kh4 Qh2+ 54.Bh3 Qh1 55.g6 hxg6 56.Bf4 f6 57.g5 f5
58.g4 Qe4 59.Kg3 Qe1+ 60.Kg2 Qh4 61.Bg3 Qxg5 62.gxf5 gxf5 63.Kf3 Qh5+ 64.Kg2 Qe2+
65.Bf2 f4 66.Kg1 Kf7 67.Bf1 Qg4+ 68.Kh2 Kf6 69.Bd4+ Kg5 70.Bf2 Qf3 71.Kg1 Kf5
72.Bg2 Qd1+ 73.Bf1 Ke4 74.Kg2 Qg4+ 75.Kh2 Kf3 76.Be1 Qg7 77.Bh4 Qg4 78.Be1 Qg5
79.Bh3 Ke2  0-1

[Event "National Open"]
[Site "Las Vegas USA"]
[Date "2009.06.05"]
[Round "1"]
[White "Izoria,Z"]
[Black "Pinto,Mark"]
[Result "1-0"]
[WhiteElo "2619"]
[BlackElo "2136"]

1.d4 g6 2.e4 Bg7 3.Nc3 c6 4.h3 d5 5.Nf3 Nf6 6.e5 Ne4 7.Nxe4 dxe4 8.Ng5 c5
9.e6 f5 10.d5 O-O 11.h4 h5 12.Be2 Qe8 13.c3 b6 14.d6 Bb7 15.d7 Qd8 16.Bxh5 Nxd7
17.exd7 gxh5 18.Ne6 Qb8  1-0